书目信息 |
| 题名: |
奋斗的青春最美丽
|
|
| 作者: | 刘明明 , 胡守敏 著 | |
| 分册: | ||
| 出版信息: | 沈阳 辽宁人民出版社 2021.01 |
|
| 页数: | 201页 | |
| 开本: | 24cm | |
| 丛书名: | ||
| 单 册: | ||
| 中图分类: | G641 | |
| 科图分类: | ||
| 主题词: | 大学生--da xue sheng--德育--研究--中国 | |
| 电子资源: | ||
| ISBN: | 978-7-205-10048-3 | |
| 000 | 01259nam0 2200277 450 | |
| 001 | CAL 0120217125413 | |
| 005 | 20210316121017.9 | |
| 010 | @a978-7-205-10048-3@dCNY48.00 | |
| 100 | @a20210316d2021 em y0chiy0120 ea | |
| 101 | 0 | @achi |
| 102 | @aCN@b210000 | |
| 105 | @ay a 000yy | |
| 106 | @ar | |
| 200 | 1 | @a奋斗的青春最美丽@Afen dou de qing chun zui mei li@e做新时代德智体美劳全面发展的大学生@f刘明明, 胡守敏著 |
| 210 | @a沈阳@c辽宁人民出版社@d2021.01 | |
| 215 | @a201页@d24cm | |
| 300 | @a本书由重庆文理学院学术专著出版资助 重庆市高等教育教学改革研究项目“群团改革背景下高校共青团工作评价体系的构建与实践” | |
| 320 | @a有书目 (第200-201页) | |
| 330 | @a本书共分为十一章, 前半部分概括讲述了共青团的团史、团章、改革进程等内容, 后半部分通过对德智体美劳的意义、内容、实践、案例等分析, 深刻阐释其意义和内涵, 为广大青年学子树立正确的人生观、价值观、世界观起到积极的引导作用, 适合大学生学习使用。 | |
| 517 | 1 | @a做新时代德智体美劳全面发展的大学生@Azuo xin shi dai de zhi ti mei lao quan mian fa zhan de da xue sheng |
| 606 | 0 | @a大学生@Ada xue sheng@x德育@x研究@y中国 |
| 690 | @aG641@v5 | |
| 701 | 0 | @a刘明明@Aliu ming ming@4著 |
| 701 | 0 | @a胡守敏@Ahu shou min@4著 |
| 801 | 0 | @aCN@b人天书店@c20210316 |
| 905 | @aTSG@b0002097@dG641@eL654@f2 | |
| 奋斗的青春最美丽:做新时代德智体美劳全面发展的大学生/刘明明, 胡守敏著.-沈阳:辽宁人民出版社,2021.01 |
| 201页;24cm |
| 本书由重庆文理学院学术专著出版资助 重庆市高等教育教学改革研究项目“群团改革背景下高校共青团工作评价体系的构建与实践” |
| ISBN 978-7-205-10048-3:CNY48.00 |
| 本书共分为十一章, 前半部分概括讲述了共青团的团史、团章、改革进程等内容, 后半部分通过对德智体美劳的意义、内容、实践、案例等分析, 深刻阐释其意义和内涵, 为广大青年学子树立正确的人生观、价值观、世界观起到积极的引导作用, 适合大学生学习使用。 |
| ● |
| 相关链接 |
|
|
|
正题名:奋斗的青春最美丽
索取号:G641/L654
 
预约/预借
| 序号 | 登录号 | 条形码 | 馆藏地/架位号 | 状态 | 备注 |
| 1 | 1532079 | 215320793 | 社科库409/409社科库 10排1列5层/ [索取号:G641/L654] | 在馆 | |
| 2 | 1532080 | 215320800 | 社科库409/409社科库 10排1列5层/ [索取号:G641/L654] | 在馆 |